Doc. JUDr. Ján Azud, DrSc., 50-ročný

Bibliographic Details
Main Author: Kokavec, Dušan (Author)
Format: Article
Language:Slovak
Subjects:

MARC

LEADER 00000nab a2200000 a 4500
001 vtls000002250
003 SK-MaSNL
005 20260303021533.0
008 140505c1978 xo 0 slo
015 |a SNBRB19rr/mm-uuuuu 
035 |a CL0012342 
040 |a SNKBUCL  |b slo  |c SNKBUCL  |e AACR2 
041 0 |a slo 
044 |a xo  |c SK 
080 |a 340  |2 1981 
080 |a 92 Azud, Ján  |2 1981 
100 1 |a Kokavec, Dušan  |4 aut  |9 270589 
245 1 0 |a Doc. JUDr. Ján Azud, DrSc., 50-ročný  |c Dušan Kokavec 
600 1 7 |a Azud, Ján,  |d 1928-2014  |2 snkbucl  |9 38201 
655 7 |a články z novín a časopisov  |2 snkbucl  |9 267496 
773 0 |t Právny obzor  |g Roč. 61, č. 6 (1978), s. 573-574 
850 |a Slovenská národná knižnica v Martine  |a MTA001 
852 |a SNK  |b KIS3GCP 
958 |a RK 
992 |a RBX 
999 |c 1623821  |d 1625751